Widok standardowy
Widok MARC
Pozycja Geographic Name
Liczba rekordów, w których użyto hasła: 1
001 - Numer kontrolny
- control field: 40738
003 - Identyfikator numeru kontrolnego
- control field: NUKAT
005 - Data i czas ostatniej modyfikacji
- control field: 20260428083042.0
008 - Dane kontrolne kodowane (40 znaków)
- fixed length control field: 971104 ||a|znnbabn |a ana |c
010 ## - Numer kontrolny Biblioteki Kongresu
- numer kontrolny LC: s 97057000
040 ## - Instytucja sporządzająca rekord
- inst. przygot. dane do rek. khw: WA U/TG
- język haseł przedmiotowych/tezaurus: kaba
- inst. wprow. rek. khw: WA U/MGW
083 #4 - DEWEY DECIMAL CLASSIFICATION NUMBER
- pojed. symbol lub pocz. z zakr. symboli: 355
- określenie wyjaśniające: Sztuka i nauka wojenna
083 #4 - DEWEY DECIMAL CLASSIFICATION NUMBER
- pojed. symbol lub pocz. z zakr. symboli: 943.8
- określenie wyjaśniające: Historia Polski
151 ## - Hasło - nazwa geograficzna
- nazwa geograficzna: Polska
- określnik rzeczowy: historia wojskowa
- określnik chronologiczny: 1918-.
451 ## - Trop zob. - nazwa geograficzna
- nazwa geograficzna: Pologne
- określnik rzeczowy: Histoire militaire
- określnik chronologiczny: 1918-... [f]
451 ## - Trop zob. - nazwa geograficzna
- nazwa geograficzna: Poland
- określnik rzeczowy: History, Military
- określnik chronologiczny: 1918- [c]
670 ## - Źródło informacji
- źródło informacji: RAMEAU